000
00324nam a2200145Ia 4500
003
OSt
005
20240316120554.0
008
170524s9999 xx 000 0 und d
020
_a
978-9332587090
040
_c
IIMTU
100
_a
STILL- RICHARD R
245
0
_a
SALES MANAGEMENT
260
_b
PHI NEW DELHI
942
_2
ddc
_c
02
999
_c
8133
_d
8133